Extraits / (Record no. 264242)
[ view plain ]
| 000 -LEADER | |
|---|---|
| fixed length control field | 00738nam a2200217 a 4500 |
| 001 - CONTROL NUMBER | |
| control field | 000714877 |
| 003 - CONTROL NUMBER IDENTIFIER | |
| control field | AM-YeHGA |
| 005 - DATE AND TIME OF LATEST TRANSACTION | |
| control field | 20250618073720.0 |
| 008 - FIXED-LENGTH DATA ELEMENTS--GENERAL INFORMATION | |
| fixed length control field | 100218s fr r 000 0 fre d |
| 040 ## - CATALOGING SOURCE | |
| Original cataloging agency | AM-YeHGA |
| 041 0# - LANGUAGE CODE | |
| Language code of text/sound track or separate title | fre |
| 090 ## - LOCALLY ASSIGNED LC-TYPE CALL NUMBER (OCLC); LOCAL CALL NUMBER (RLIN) | |
| -- | 265872 |
| 100 1# - MAIN ENTRY--PERSONAL NAME | |
| Personal name | Chateaubriand, Francois-Rene, |
| Titles and words associated with a name | vicomte de, |
| Dates associated with a name | 1768-1848. |
| 245 10 - TITLE STATEMENT | |
| Title | Extraits / |
| Statement of responsibility, etc. | Chateaubriand ; publ. avec une introduction, des notices et des notes par F. Brunetiere et V. Giraud. |
| 250 ## - EDITION STATEMENT | |
| Edition statement | 18e. ed. |
| 260 ## - PUBLICATION, DISTRIBUTION, ETC. | |
| Place of publication, distribution, etc. | Paris : |
| Name of publisher, distributor, etc. | Librairie Hachette, |
| Date of publication, distribution, etc. | s. a. |
| 300 ## - PHYSICAL DESCRIPTION | |
| Extent | xiv, 421 p. : |
| Other physical details | ill. |
| 650 14 - SUBJECT ADDED ENTRY--TOPICAL TERM | |
| Topical term or geographic name entry element | Ֆրանսիական գրականություն |
| 9 (RLIN) | 4810 |
| 700 1# - ADDED ENTRY--PERSONAL NAME | |
| Personal name | Brunetiere, Ferdinand, |
| Dates associated with a name | 1849-1906. |
| Relationship | aui |
| 700 1# - ADDED ENTRY--PERSONAL NAME | |
| Personal name | Giraud, Victor, |
| Dates associated with a name | 1868-1953 |
| Relationship | aui |
| Withdrawn status | Lost status | Source of classification or shelving scheme | Damaged status | Not for loan | Collection | Home library | Current library | Date acquired | Total checkouts | Full call number | Barcode | Date last seen | Price effective from | Koha item type | Public note |
|---|---|---|---|---|---|---|---|---|---|---|---|---|---|---|---|
| Universal Decimal Classification | Merdinian Individual Collection | Fundamental Scientific Library | Fundamental Scientific Library | 29/12/2016 | Merd/934 | FL0143814 | 29/12/2016 | 29/12/2016 | Գրքեր / Books | ILL Non-Circ. |
ՀՀ Գիտությունների ազգային ակադեմիայի հիմնարար գիտական գրադարան = Fundamental Scientific Library of NAS RA
All site content, except where otherwise noted, is licensed under a